|
|
|
|
| LEADER |
00000nab a2200000 a 4500 |
| 001 |
vtls000536377 |
| 003 |
SK-MaSNL |
| 005 |
20260303005710.0 |
| 008 |
120928c1993 xo 0 slo |
| 015 |
|
|
|a SNBRA19rr/mm-uuuuu
|
| 035 |
|
|
|a CL0536515
|
| 040 |
|
|
|a SNKBUCL
|b slo
|c SNKBUCL
|e AACR2
|
| 041 |
0 |
|
|a slo
|
| 044 |
|
|
|a xo
|c SK
|
| 080 |
|
|
|a 301.185.2:301.15/.16:911.3
|2 1981
|
| 080 |
|
|
|a 301.15/.16
|2 1981
|
| 080 |
|
|
|a 911.3
|2 1981
|
| 100 |
1 |
|
|a Jakoby, Štefan
|4 aut
|9 986157
|
| 245 |
1 |
0 |
|a Skúsenosti z aktivizácie života na dedine
|c Štefan Jakoby
|
| 650 |
0 |
7 |
|a dedina
|2 snkbucl
|9 308320
|
| 650 |
0 |
7 |
|a aktivizácia života
|2 snkbucl
|9 986156
|
| 655 |
|
7 |
|a články zo zborníkov
|2 snkbucl
|9 166140
|
| 773 |
0 |
|
|t Postup pri zabezpečovaní programu obnovy dediny
|d Bratislava : Dom techniky ZSVTS, 1993
|g S. 58-62
|z 8023302752
|
| 850 |
|
|
|a Slovenská národná knižnica v Martine
|a MTA001
|
| 852 |
|
|
|a SNK
|b KIS3GCP
|
| 958 |
|
|
|a RK
|
| 992 |
|
|
|a RZB
|
| 999 |
|
|
|c 1583901
|d 1585831
|